GTA Vice City Characters Quiz - Statistics

General Stats
  • This quiz has been taken 245 times
  • The average score is 10 of 20
Answer Stats
Hint Answer % Correct
Protagonist Tommy Vercetti
96%
The backstabber Lance Vance
92%
Protagonist's lawyer Ken Rosenberg
88%
His daughter Mercedes Cortez
76%
The Malibu club british guy who is good with rumors Kent Paul
75%
The head of the crime family that main character worked for Sonny Forelli
75%
The drug baron of Vice City Ricardo Diaz
61%
The weapon master who blew off his hand Phil Cassidy
54%
The porn star and escort Candy Suxxx
50%
The property magnate and real estate developer Avery Carrington
48%
The leader of the Cubans gang Umberto Robina
44%
The leader of the Haitians gang Auntie Poulet
37%
The motorcycle enthusiast Mitch Baker
37%
The safe cracker expert Cam Jones
32%
The yacht owner Juan Garcia Cortez
31%
The car dealer owner BJ Smith
25%
The film director Steve Scott
25%
The man who is running hitman missions Mr. Black
22%
The lead singer of Love Fist Jezz Torrent
20%
The driving expert Hilary King
18%
No matching quizzes found
Score Distribution
Percent of People with Each Score
Percentile by Number Answered
Your Score History
You have not taken this quiz